000 00951nas a2200337 4500
001 BR9201229
003 BR-BrBNA
005 20231205092353.0
007 ta
008 230509b bl.|||p| |||| 00| 00por d
040 _aBR-BrBNA
_bpor
_cBiblioteca Nacional de Agricultura
041 _a(Pt)
072 _aH20
100 1 _aRicci Junior, A.
100 1 _aCardoso, C.O.N.
100 1 _aCoelho, J.A.
100 1 _aAmorim, L.
100 1 _aBergamin Filho, A.
245 1 _aEfeito da qualidade de mudas na evolucao do carvao da cana-de-acucar
650 _aCANA DE ACUCAR
650 _aPRODUCAO VEGETAL
650 _aCARVAO
650 _aVARIEDADE
650 _aMUDA
650 _aINOCULACAO ARTIFICIAL
650 _aLATOSSOLO ROXO
650 _aPRATICO
773 0 _tBoletim Tecnico COPERSUCAR (Brazil)
_xISSN 0100-2996
_g(Oct 1988), no. 44 p. 6-9
_wBR9201229
909 _a202311
_bLúcia
_c55
_dLúcia Elande
942 _2AGRIS
_n0
_cANA
999 _c131254
_d131254